Normal view MARC view

Entry Personal Name

Number of records used in: 1

001 - CONTROL NUMBER

  • control field: 9280

003 - CONTROL NUMBER IDENTIFIER

  • control field: DLC

005 - DATE AND TIME OF LATEST TRANSACTION

  • control field: 20221108160808.0

008 - FIXED-LENGTH DATA ELEMENTS

  • fixed length control field: 140402n| azannaabn |n aaa

010 ## - LIBRARY OF CONGRESS CONTROL NUMBER

  • LC control number: n 2014183029

035 ## - SYSTEM CONTROL NUMBER

  • System control number: (DNLM)1608604

040 ## - CATALOGING SOURCE

  • Original cataloging agency: DNLM
  • Language of cataloging: eng
  • Transcribing agency: DNLM
  • Description conventions: rda

100 1# - HEADING--PERSONAL NAME

  • Personal name: Saxena, Jyoti

375 ## - GENDER

  • Gender: female

670 ## - SOURCE DATA FOUND

  • Source citation: Advances in biotechnology, 2014:
  • Information found: t.p. (Jyoti Saxena) t.p. verso (Department of Biochemical Engineering, Bipin Tripathi Kumaon Institute of Technology, Dwarahat, Uttarakhand, India)

Powered by Koha